| 000 | 00389pam a2200157a 44500 | ||
|---|---|---|---|
| 008 | 230405s2004 xxu||||| |||| 00| 0 eng d | ||
| 041 | _aENG | ||
| 100 | _aRajput C.B.S. | ||
| 245 | _aCitriculture | ||
| 260 |
_aNew Delhi _bKalyani Publishers, _c2004 |
||
| 300 | _a368 | ||
| 440 | _aUniversal Book stall Pune -30 | ||
| 690 | _aHorticollege | ||
| 700 | _aHaribabu R. Sri. | ||
| 906 | _a60 | ||
| 999 |
_c288939 _d288939 |
||